000 00337nam a2200121Ia 4500
008 230907s9999||||xx |||||||||||||| ||und||
082 _a891.4394
_bWAS
245 0 _aقطرہ قطرہ قلزم , Qatra qatra qulzum /
260 _aIlm-O-Irfan Publishers,
_bLahore :
_c2014
300 _a144 p.
650 _aUrdu Literature.
942 _cBK
999 _c599684
_d599684